[Event "DRAGHIEN"]
[Site "SchemingMind.com"]
[Date "2016.04.19"]
[Round "-"]
[White "Scooter"]
[Black "emvarela"]
[Result "1/2-1/2"]
[WhiteCountry "USA"]
[BlackCountry "ARG"]
[WhiteElo "1738"]
[WhiteRD "54"]
[BlackElo "1693"]
[BlackRD "50"]
[GameID "398111"]

1. d4 Nf6 2. Nf3 g6 3. Bf4 d6 4. e3 Bg7 5. Be2 O-O 6. O-O c5 7. c3 cxd4 8. cxd4 Qb6 9. b3 Nc6 10. h3 Rd8
11. Nbd2 Nd5 12. Bg3 Bd7 13. Rc1 Rac8 14. Nc4 Qc7 15. Na3 a6 16. Bc4 Nb6 17. Ng5 e6 18. Be2 Qb8 19. Nc4 Nxc4 20. Bxc4 b5
21. Bd3 e5 22. dxe5 Nxe5 23. Bxe5 dxe5 24. Rxc8 Qxc8 25. Ne4 Bc6 26. Qe2 Qe6 27. Ng5 Qf6 28. Be4 Bxe4 29. Nxe4 Qc6 30. Ng3 e4
31. Rd1 Rxd1+ 32. Qxd1 f5 33. Ne2 Kf7 34. Nd4 Bxd4 35. Qxd4 Qe6 36. Qh8 h5 37. Qh7+ Kf6 38. h4 Qf7 39. Qh8+ Qg7 40. Qc8 Qa7
41. Qc6+ Kg7 42. Qe6 b4 43. Qe5+ Kf7 44. Qh8 Qe7 45. g3 Qf6 46. Qxf6+ Kxf6 47. Kg2 g5 48. hxg5+ Kxg5 49. Kh3 a5 50. Kh2 Kg4
51. Kg2 h4 52. gxh4 Kxh4 53. f3 exf3+ 54. Kxf3 Kg5 55. e4 Kf6 56. Kf4 fxe4 57. Kxe4 Ke6 58. Kd4=
1/2-1/2

[Event "DRAGHIEN"]
[Site "SchemingMind.com"]
[Date "2016.04.20"]
[Round "-"]
[White "Simon Green"]
[Black "emvarela"]
[Result "0-1"]
[WhiteCountry "ENG"]
[BlackCountry "ARG"]
[WhiteElo "1615"]
[WhiteRD "58"]
[BlackElo "1712"]
[BlackRD "48"]
[GameID "398125"]

1. d4 Nf6 2. e3 e6 3. Bd3 d5 4. f4 Bd6 5. Nf3 h6 6. O-O O-O 7. Nbd2 Nbd7 8. Qe1 c5 9. c3 c4 10. Bc2 b5
11. Ne5 Bxe5 12. fxe5 Ne8 13. e4 Bb7 14. Qg3 f6 15. exf6 Nexf6 16. e5 Ne4 17. Rxf8+ Nxf8 18. Nxe4 dxe4 19. Bxh6 Qe7 20. Re1 Nh7
21. Bxe4 Bxe4 22. Rxe4 Rf8 23. Rf4 Rxf4 24. Bxf4 Qf7 25. Qe3 Qf5 26. Kf2 g5 27. g3 gxf4 28. Qxf4 Qc2+ 29. Ke3 Qc1+ 30. Kf3 Qd1+
31. Ke3 Qe1+ 32. Kf3 Qd1+ 33. Ke3 Qg1+ 34. Qf2 Qc1+ 35. Qd2 Qxd2+ 36. Kxd2 Kg7 37. Ke3 Kg6 38. Ke4 Ng5+ 39. Kf4 Nh3+ 40. Kg4 Nf2+
41. Kh4 Nd1 42. g4 Nxb2 43. Kg3 Nd1 44. Kf4 Nxc3 45. h4 Nd5+ 46. Ke4 Nc3+ 47. Kf4 Nxa2
0-1

[Event "DRAGHIEN"]
[Site "SchemingMind.com"]
[Date "2016.04.15"]
[Round "-"]
[White "Scooter"]
[Black "Simon Green"]
[Result "0-1"]
[WhiteCountry "USA"]
[BlackCountry "ENG"]
[WhiteElo "1710"]
[WhiteRD "48"]
[BlackElo "1617"]
[BlackRD "56"]
[GameID "398126"]

1. d4 e6 2. Nf3 d5 3. Bg5 Be7 4. Bxe7 Nxe7 5. e3 O-O 6. Nbd2 Nd7 7. Be2 c5 8. c3 c4 9. O-O Nf6 10. Qc2 Nf5
11. e4 Ne7 12. exd5 exd5 13. Rfe1 Ng6 14. h3 Re8 15. Nh2 Bd7 16. Ndf3 Nh5 17. Ne5 Nhf4 18. Bg4 Nxe5 19. Bxd7 Nxd7
0-1

[Event "DRAGHIEN"]
[Site "SchemingMind.com"]
[Date "2016.04.30"]
[Round "-"]
[White "Scooter"]
[Black "Mitch The Man"]
[Result "1-0"]
[WhiteCountry "USA"]
[BlackCountry "USA"]
[WhiteElo "1731"]
[WhiteRD "47"]
[BlackElo "1436"]
[BlackRD "62"]
[GameID "398705"]

1. d4 d5 2. Nf3 f6 3. Bf4 Nc6 4. e3 e6 5. Be2 Bd6 6. Bxd6 Qxd6 7. c3 Nge7 8. O-O O-O 9. Nbd2 a6 10. c4 Nd8
11. c5 Qd7 12. b4 c6 13. a4 Qe8 14. Rb1 Ng6 15. b5 axb5 16. axb5 Rf7 17. bxc6 Nxc6 18. Bb5 Nge7 19. Ra1 Rxa1 20. Qxa1 Qd8
21. Ne1 Qa5 22. Qxa5 Nxa5 23. Nd3 g6 24. Ra1 Nac6 25. Nb3 Kg7 26. Na5 Nxa5 27. Rxa5 Nc6 28. Ra8 Rc7 29. Bxc6 Rxc6 30. Nf4 Kh6
31. h3 g5 32. Nd3 Kg6 33. Nb4 Rc7 34. Kf1 f5 35. Ke2 h5 36. Kd3 Kf6 37. f3 Ke7 38. Na2 Kd7 39. Nc3 Kc6 40. g3 Kd7
41. Nb5 Rc6 42. Nd6 h4 43. gxh4 gxh4 44. Nf7 Kc7 45. Ne5 Ra6 46. Rxa6 bxa6 47. Ng6 a5 48. Nxh4 Ba6+ 49. Kc3 Bf1 50. Ng6 Bxh3
51. Nf4 Bf1 52. Nxe6+ Kd7 53. Nf4 Kc6 54. Nd3 Be2 55. Ne5+ Kb5 56. Kb3 Bc4+ 57. Nxc4 dxc4+ 58. Kc3 a4 59. c6 Kxc6 60. Kxc4 a3
61. Kb3 a2 62. Kxa2 Kd5 63. Kb3 f4 64. exf4 Kxd4 65. Kc2 Kd5 66. Kd3 Ke6 67. Ke4 Kf6 68. f5
1-0

[Event "DRAGHIEN"]
[Site "SchemingMind.com"]
[Date "2016.04.30"]
[Round "-"]
[White "Simon Green"]
[Black "Mitch The Man"]
[Result "1-0"]
[WhiteCountry "ENG"]
[BlackCountry "USA"]
[WhiteElo "1621"]
[WhiteRD "55"]
[BlackElo "1436"]
[BlackRD "62"]
[GameID "398706"]

1. d4 d5 2. e3 e6 3. Bd3 Be7 4. f4 Bf6 5. Nf3 Ne7 6. O-O O-O 7. Nbd2 c6 8. c3 Bd7 9. Qe1 Ng6 10. Ne5 Nxe5
11. fxe5 Be7 12. e4 Bh4 13. Qe2 Bg5 14. exd5 cxd5 15. Nf3 Bxc1 16. Raxc1 Bc6 17. Qf2 b5 18. h4 a6 19. Ng5 Qe7 20. Bxh7+ Kh8
21. Qf3 Bd7 22. Qh5
1-0

[Event "DRAGHIEN"]
[Site "SchemingMind.com"]
[Date "2016.04.30"]
[Round "-"]
[White "emvarela"]
[Black "Mitch The Man"]
[Result "1-0"]
[WhiteCountry "ARG"]
[BlackCountry "USA"]
[WhiteElo "1695"]
[WhiteRD "48"]
[BlackElo "1435"]
[BlackRD "67"]
[GameID "398707"]

1. e4 e5 2. Nf3 d6 3. d4 Nd7 4. dxe5 dxe5 5. Nc3 c6 6. Bd3 Be7 7. O-O Bf6 8. Be3 Ne7 9. Qe2 O-O 10. Rad1 b6
11. Rd2 a6 12. b4 Qc7 13. a4 Rd8 14. b5 axb5 15. axb5 c5 16. Bc4 Ra3 17. Bb3 Rf8 18. Nd5 Qd6 19. Nxe7+ Qxe7 20. Rfd1 Rd8
21. Qc4 Rf8 22. Rd3 Ra7 23. h3 h6 24. g4 Kh7 25. Kg2 Kg6 26. Rd6 Kh7 27. Nh2 Ra8 28. f4 exf4 29. Bxf4 Ra7 30. Nf3 g5
31. e5 gxf4 32. exf6 Qd8 33. Qe4+ Kg8 34. Qxf4 Kh7 35. Qf5+ Kg8 36. Ne5 Re8 37. Nxf7 Qc7 38. Nxh6+
1-0

[Event "DRAGHIEN"]
[Site "SchemingMind.com"]
[Date "2016.05.05"]
[Round "-"]
[White "Mitch The Man"]
[Black "echecs"]
[Result "0-1"]
[WhiteCountry "USA"]
[BlackCountry "ENG"]
[WhiteElo "1436"]
[WhiteRD "62"]
[BlackElo "1826"]
[BlackRD "64"]
[GameID "398885"]

1. e4 e5 2. Nf3 Nc6 3. h3 Nf6 4. d3 d6 5. Be2 Be7 6. O-O Bd7 7. Bd2 O-O 8. Na3 a6 9. b4 Qc8 10. c3 Nd8
11. Kh2 b5 12. Ng1 Ne6 13. Be3 c5 14. Rc1 Qb8 15. Rb1 Nf4 16. Bxf4 exf4 17. Bf3 Ra7 18. bxc5 dxc5 19. Ne2 Be6 20. Rb2 c4
21. Nb1 cxd3 22. Qxd3 Rd8 23. Qc2 Bc4 24. Nd2 Bxe2 25. Bxe2 f3+ 26. g3 fxe2 27. Re1 Ba3 28. Rb3 b4 29. Rxe2 Rc7 30. c4 Rcd7
31. Nb1 Qe5 32. Nxa3 bxa3 33. Rxa3 a5 34. Kg2 Rd4 35. f4 Qc5
0-1

[Event "DRAGHIEN"]
[Site "SchemingMind.com"]
[Date "2016.05.05"]
[Round "-"]
[White "Simon Green"]
[Black "echecs"]
[Result "1/2-1/2"]
[WhiteCountry "ENG"]
[BlackCountry "ENG"]
[WhiteElo "1600"]
[WhiteRD "58"]
[BlackElo "1821"]
[BlackRD "66"]
[GameID "398886"]

1. d4 d6 2. e3 c6 3. Bd3 Nf6 4. f4 e6 5. Nf3 Be7 6. O-O O-O 7. Nbd2 Nbd7 8. c3 Ng4 9. Qe1 b6 10. Ne4 e5
11. h3 Nh6 12. fxe5 dxe5 13. dxe5 Kh8 14. Bd2 Qc7 15. Qg3 Nf5 16. Qf2 Nxe5 17. Nxe5 Qxe5 18. Qf4 Qd5 19. Bc2 Nd6 20. Nxd6 Bxd6
21. Qh4 h6 22. Rf2 Qe5 23. Kf1 Be6 24. Qe4 Qxe4 25. Bxe4 Rac8 26. Ke2 c5 27. b3 c4 28. b4 b5 29. Bf5 Rce8 30. Raf1 f6
31. Bxe6 Rxe6 32. Rf5 a6 33. g4 Rfe8 34. R1f3 Bc7 35. a3 Rd8 36. Rf1 Rd3 37. R1f3 Be5 38. e4 Red6 39. Rxd3 Rxd3 40. Rf3 Rd6
41. h4 Re6 42. Bf4 Kg8 43. Bxe5 Rxe5 44. Ke3 Kf7 45. Rf5 Ke6 46. Rxe5+ Kxe5 47. h5 Kd6 48. Kf4 Ke6 49. Ke3 Ke5 50. Kf3 Kd6
51. Kf4 Ke6=
1/2-1/2

[Event "DRAGHIEN"]
[Site "SchemingMind.com"]
[Date "2016.05.05"]
[Round "-"]
[White "emvarela"]
[Black "echecs"]
[Result "1/2-1/2"]
[WhiteCountry "ARG"]
[BlackCountry "ENG"]
[WhiteElo "1693"]
[WhiteRD "50"]
[BlackElo "1821"]
[BlackRD "66"]
[GameID "398887"]

1. e4 e5 2. Nf3 Nc6 3. Bb5 Nf6 4. O-O d6 5. d4 Bd7 6. Nc3 exd4 7. Nxd4 Nxd4 8. Bxd7+ Qxd7 9. Qxd4 Be7 10. Bf4 O-O
11. Rad1 Rfe8 12. Nd5 Nxd5 13. Qxd5 Qc8 14. h3 Bf6 15. c3 a6 16. Rfe1 Rb8 17. e5 dxe5 18. Bxe5 Bxe5 19. Rxe5 Rd8 20. Qxd8+ Qxd8
21. Rxd8+ Rxd8 22. Kf1 Kf8 23. Ke2= f6 24. Re3 Rd5 25. b4 Kf7 26. a4 h6 27. f4= g5 28. fxg5 hxg5 29. g4 c5 30. Rd3 Ke6
31. Rxd5 Kxd5 32. Kd3 c4+ 33. Ke3 Ke5 34. a5=
1/2-1/2

[Event "DRAGHIEN"]
[Site "SchemingMind.com"]
[Date "2016.05.04"]
[Round "-"]
[White "echecs"]
[Black "Scooter"]
[Result "1-0"]
[WhiteCountry "ENG"]
[BlackCountry "USA"]
[WhiteElo "1826"]
[WhiteRD "64"]
[BlackElo "1731"]
[BlackRD "47"]
[GameID "398888"]

1. e4 c6 2. d4 d5 3. Nc3 dxe4 4. Nxe4 Bf5 5. Ng3 Bg6 6. h4 h6 7. h5 Bh7 8. Bd3 Bxd3 9. Qxd3 Nd7 10. Nf3 Qc7
11. Bd2 O-O-O 12. Qa3 Kb8 13. Be3 e6 14. Qb3 Ngf6 15. Rh4 Bd6 16. Ne4 Nxe4 17. Rxe4 Nf6 18. Rh4 Nd5 19. O-O-O Nf4 20. Ne1 Nd5
21. Bd2 Bf4 22. g3 Bxd2+ 23. Rxd2 Nf6 24. Nf3 Qa5 25. Ne5 Rhf8 26. Nxc6+
1-0

[Event "DRAGHIEN"]
[Site "SchemingMind.com"]
[Date "2016.05.12"]
[Round "-"]
[White "Kenny Elliott"]
[Black "Mitch The Man"]
[Result "1-0"]
[WhiteCountry "USA"]
[BlackCountry "USA"]
[WhiteElo "1563"]
[WhiteRD "87"]
[BlackElo "1465"]
[BlackRD "65"]
[GameID "399183"]

1. d4 d5 2. c4 Be6 3. Qb3 b6 4. Qb5+ c6 5. Qa4 dxc4 6. Nc3 Bd7 7. e4 e6 8. Qxc4 Be7 9. Nf3 b5 10. Qd3 Bf6
11. e5 Be7 12. g3 h6 13. Bg2 Qb6 14. O-O a6 15. Be3 Qc7 16. Rac1 Bd8 17. Nd2 Ne7 18. Nde4 O-O 19. Bxh6 Nf5 20. Bf4 Be7
21. Rfd1 Bd8 22. Qf3 Qb6 23. Qg4 Be8 24. Bg5 Bxg5 25. Qxg5 Nd7 26. Bh3 Qd8 27. Qg4 Nh6 28. Qf4 Rc8 29. Nd6 Rb8 30. Nce4 Kh8
31. Rxc6 Rg8 32. g4 a5 33. g5 Nf5 34. Bxf5
1-0

[Event "DRAGHIEN"]
[Site "SchemingMind.com"]
[Date "2016.05.13"]
[Round "-"]
[White "Kenny Elliott"]
[Black "echecs"]
[Result "0-1"]
[WhiteCountry "USA"]
[BlackCountry "ENG"]
[WhiteElo "1563"]
[WhiteRD "87"]
[BlackElo "1838"]
[BlackRD "65"]
[GameID "399184"]

1. d4 e6 2. e4 d6 3. Nf3 c6 4. Nc3 d5 5. exd5 cxd5 6. a3 Nf6 7. Bb5+ Bd7 8. Bxd7+ Nbxd7 9. Bg5 Be7 10. O-O O-O
11. h3 h6 12. Bh4 Ne8 13. Bg3 Nd6 14. Qd3 a6 15. Rab1 Nf5 16. Bh2 Bf6 17. Rfe1 Qb6 18. Be5 Nxe5 19. Nxe5 Qxd4 20. Qxd4 Nxd4
21. Nd7 Rfd8 22. Nxf6+ gxf6 23. Rbc1 b5 24. Ne2 Nf5 25. Nf4 Nd6 26. Nh5 f5 27. f3 Nc4 28. Rb1 Kh7 29. Nf4 Rg8 30. Re2 Rg5
31. h4 Rg3 32. Kf2 Rag8 33. c3 e5 34. Nxd5 Rxg2+ 35. Ke1 Rg1+ 36. Kf2 R8g2#
0-1

[Event "DRAGHIEN"]
[Site "SchemingMind.com"]
[Date "2016.05.12"]
[Round "-"]
[White "Scooter"]
[Black "Kenny Elliott"]
[Result "1-0"]
[WhiteCountry "USA"]
[BlackCountry "USA"]
[WhiteElo "1761"]
[WhiteRD "49"]
[BlackElo "1563"]
[BlackRD "87"]
[GameID "399185"]

1. d4 e5 2. dxe5 Qh4 3. Nf3 Qb4+ 4. Nc3 Qc5 5. Be3 Qb4 6. Qc1 Bc5 7. Bxc5 Qxc5 8. e3 Nc6 9. Ne4 Qb4+ 10. Nc3 Qe7
11. Nd5 Qd8 12. Bb5 Nce7 13. Nxe7 Qxe7 14. O-O Qc5 15. Bd3 Ne7 16. a3 O-O 17. b4 Qc6 18. c4 b6 19. Qc2 Bb7 20. Bxh7+ Kh8
21. Bd3 Qh6 22. Be4 d5 23. cxd5 Nxd5 24. Rfd1 Rfd8 25. Bxd5 Bxd5 26. Qxc7 Rac8 27. Qxa7 Bxf3 28. gxf3 Qg5+ 29. Kf1 Qxe5 30. f4 Qb5+
31. Kg1 f6 32. Qe7 Rxd1+ 33. Rxd1 Qe2 34. Rd8+ Rxd8 35. Qxd8+ Kh7 36. h3 b5 37. Qd7 Kh6 38. Qg4 Qxg4+ 39. hxg4 g5 40. fxg5+ Kxg5
41. f3 f5 42. gxf5 Kxf5 43. Kg2 Ke5 44. Kg3 Kd5 45. Kg4 Kc4 46. f4 Kb3 47. f5
1-0

[Event "DRAGHIEN"]
[Site "SchemingMind.com"]
[Date "2016.05.12"]
[Round "-"]
[White "Simon Green"]
[Black "Kenny Elliott"]
[Result "0-1"]
[WhiteCountry "ENG"]
[BlackCountry "USA"]
[WhiteElo "1593"]
[WhiteRD "62"]
[BlackElo "1603"]
[BlackRD "88"]
[GameID "399186"]

1. d4 e5 2. e3 exd4 3. exd4 d5 4. Nf3 Bg4 5. Be2 Nc6 6. O-O h6 7. c3 Qe7 8. Nbd2 O-O-O 9. Re1 Qf6 10. b3 Bd6
11. g3 Nge7 12. Nh4 Bxe2 13. Qxe2 Rde8 14. Qg4+ Kb8 15. Ndf3 g5 16. Ng2 Reg8 17. h4 h5 18. hxg5 hxg4 19. gxf6 gxf3 20. fxe7 fxg2
21. Kxg2 Nxe7 22. Bd2 Nf5 23. Rg1 Nh4+ 24. Kf1 Nf3
0-1

[Event "DRAGHIEN"]
[Site "SchemingMind.com"]
[Date "2016.05.13"]
[Round "-"]
[White "emvarela"]
[Black "Kenny Elliott"]
[Result "1-0"]
[WhiteCountry "ARG"]
[BlackCountry "USA"]
[WhiteElo "1693"]
[WhiteRD "50"]
[BlackElo "1578"]
[BlackRD "89"]
[GameID "399187"]

1. e4 c5 2. Nf3 d6 3. d4 cxd4 4. Nxd4 e5 5. Nb3 Nf6 6. Bd3 Be6 7. Bg5 Be7 8. Bxf6 Bxf6 9. Nc3 Nc6 10. O-O Bxb3
11. axb3 O-O 12. Ne2 Bg5 13. f4 exf4 14. Nxf4 Qb6+ 15. Kh1 Qe3 16. Nh3 Bh4 17. Rf3 Qd4 18. c3 Qe5 19. Rf5 Qe7 20. Qg4 Ne5
21. Qe2 Nxd3 22. Qxd3 Rae8 23. g3 Bf6 24. Nf2 Be5 25. Re1 g6 26. Rf3 h5 27. Qd5 Qg5 28. Rf1 Qh6 29. Nd3 h4 30. Rxf7 Rxf7
31. Qxf7+ Kh8 32. Qxe8+ Kh7 33. Nxe5
1-0

[Event "DRAGHIEN"]
[Site "SchemingMind.com"]
[Date "2016.05.24"]
[Round "-"]
[White "Phillip Beckett"]
[Black "Mitch The Man"]
[Result "1/2-1/2"]
[WhiteCountry "ENG"]
[BlackCountry "USA"]
[WhiteElo "1549"]
[WhiteRD "52"]
[BlackElo "1465"]
[BlackRD "65"]
[GameID "399554"]

1. e4 e5 2. Nf3 d6 3. d4 Qe7 4. dxe5 dxe5 5. Bc4 Be6 6. Bxe6 Qxe6 7. O-O f6 8. Nc3 Bd6 9. Be3 Ne7 10. Nd5 Nxd5
11. Qxd5 Qxd5 12. exd5 O-O 13. c4 Nd7 14. a3 b6 15. b4 a6 16. Nd2 Rf7 17. Ne4 h6 18. Nxd6 cxd6 19. Rfc1 a5 20. c5 bxc5
21. bxc5 dxc5 22. Bxc5 Nxc5 23. Rxc5 Rd7 24. Rb1 Ra6 25. Rbb5 a4 26. Ra5 Rxa5 27. Rxa5 Kh7 28. g3 g5 29. Rxa4 Rxd5 30. Ra6 Rd1+
31. Kg2 Kg6 32. Ra8 Ra1 33. a4 Kf5 34. a5 Ra3 35. a6 g4 36. a7 Ra6 37. Rh8 Rxa7 38. Rxh6 Kg5 39. Rh8 Rg7 40. h4+ Kf5
41. Rh5+ Kg6 42. Rh8 Kf7 43. h5 e4 44. Ra8 Ke6 45. Ra6+ Ke5 46. Ra5+ Ke6 47. Ra4 Ke5 48. Ra5+=
1/2-1/2

[Event "DRAGHIEN"]
[Site "SchemingMind.com"]
[Date "2016.05.25"]
[Round "-"]
[White "Phillip Beckett"]
[Black "Kenny Elliott"]
[Result "0-1"]
[WhiteCountry "ENG"]
[BlackCountry "USA"]
[WhiteElo "1572"]
[WhiteRD "52"]
[BlackElo "1603"]
[BlackRD "88"]
[GameID "399555"]

1. e4 c5 2. Nf3 d6 3. d4 cxd4 4. Nxd4 e5 5. Nf3 Bg4 6. Be2 Nf6 7. h3 Bxf3 8. Bxf3 Qb6 9. O-O Nc6 10. b3 Be7
11. c4 Nd4 12. Bb2 Ne6 13. Nc3 O-O 14. Nd5 Nxd5 15. exd5 Nd4 16. Bxd4 exd4 17. Qd3 Bf6 18. Be4 h6 19. f4 Qc7 20. Rae1 Kh8
21. g4 Bh4 22. Re2 a6 23. Qxd4 Bf6 24. Qd3 Qb6+ 25. Kg2 Rfe8 26. Rfe1 Bh4 27. Rf1 Re7 28. Bf3 Rae8 29. Rxe7 Rxe7 30. Rd1 Qf2+
31. Kh1 Bg3 32. Rf1 Qh2#
0-1

[Event "DRAGHIEN"]
[Site "SchemingMind.com"]
[Date "2016.05.24"]
[Round "-"]
[White "Phillip Beckett"]
[Black "echecs"]
[Result "0-1"]
[WhiteCountry "ENG"]
[BlackCountry "ENG"]
[WhiteElo "1549"]
[WhiteRD "52"]
[BlackElo "1838"]
[BlackRD "65"]
[GameID "399556"]

1. e4 e5 2. Nf3 Nc6 3. d4 exd4 4. Nxd4 d6 5. Nc3 Bd7 6. Be2 Be7 7. O-O Nf6 8. Kh1 O-O 9. f4 Qc8 10. Be3 Bg4
11. Bxg4 Nxg4 12. Bg1 Nf6 13. Nxc6 bxc6 14. Qe2 Re8 15. Rae1 Qb7 16. b3 Qb4 17. Qd3 Nd7 18. Nb1 Nf6 19. Qc3 Qb5 20. Na3 Qa6
21. e5 Nd5 22. Qb2 dxe5 23. fxe5 Bxa3 24. Qd4 Be7 25. e6 fxe6 26. Rxe6 Qxf1
0-1

[Event "DRAGHIEN"]
[Site "SchemingMind.com"]
[Date "2016.05.26"]
[Round "-"]
[White "Phillip Beckett"]
[Black "emvarela"]
[Result "1/2-1/2"]
[WhiteCountry "ENG"]
[BlackCountry "ARG"]
[WhiteElo "1562"]
[WhiteRD "52"]
[BlackElo "1712"]
[BlackRD "48"]
[GameID "399557"]

1. e4 e5 2. Nf3 Nc6 3. Bb5 a6 4. Bxc6 dxc6 5. d4 exd4 6. Qxd4 Qxd4 7. Nxd4 Bd7 8. Be3 Nf6 9. Nd2 O-O-O 10. f3 Be7
11. O-O-O c5 12. N4b3 b6 13. Rhe1 Be6 14. Nb1 Bxb3 15. axb3 Rxd1+ 16. Rxd1 Rd8 17. Rxd8+ Kxd8 18. Nc3 Kd7 19. Nd5 Nxd5 20. exd5 c6
21. dxc6+ Kxc6 22. Bf4 g5 23. Be3 f5 24. Kd2 f4 25. Bf2 Bf6 26. c3 b5 27. g3 Kd5 28. gxf4 gxf4 29. Kd3 c4+ 30. bxc4+ bxc4+
31. Kd2 h5 32. Ba7 Be5= 33. Ke2 a5 34. Bb6 a4 35. Bd8 Bd6 36. Kf2 a3 37. bxa3 Bxa3 38. Ke2 Bd6 39. Kd2 Be5= 40. Bg5 Kc5
41. Be7+=
1/2-1/2

[Event "DRAGHIEN"]
[Site "SchemingMind.com"]
[Date "2016.05.26"]
[Round "-"]
[White "Phillip Beckett"]
[Black "Simon Green"]
[Result "0-1"]
[WhiteCountry "ENG"]
[BlackCountry "ENG"]
[WhiteElo "1549"]
[WhiteRD "51"]
[BlackElo "1600"]
[BlackRD "58"]
[GameID "399558"]

1. e4 e6 2. d4 d5 3. Nd2 Nf6 4. exd5 exd5 5. Ngf3 Be7 6. Bd3 O-O 7. O-O Nbd7 8. c3 b6 9. Qc2 g6 10. Re1 Re8
11. Nf1 c6 12. Ng3 b5 13. Bg5 Kg7 14. Qd2 Nb6 15. Ne5 Qd6 16. Bf4 Nc4 17. Nxc4 bxc4 18. Bxd6 Bxd6 19. Bc2 Bd7 20. Rxe8 Rxe8
21. Re1 Rxe1+ 22. Qxe1 Bxg3 23. hxg3 Bg4 24. f3 Be6 25. g4 Nd7 26. Qe2 h6 27. g3 Nf8 28. Qe5+ Kh7 29. Qf6 Nd7 30. f4 Nxf6
31. g5 hxg5 32. fxg5 Ne4 33. Bxe4 dxe4 34. Kf2 Bg4 35. Ke3 Bf3 36. b3 cxb3 37. axb3 a5 38. c4 Bd1 39. d5 cxd5 40. cxd5 Bxb3
41. d6 Be6 42. Kxe4 a4
0-1

[Event "DRAGHIEN"]
[Site "SchemingMind.com"]
[Date "2016.05.24"]
[Round "-"]
[White "Scooter"]
[Black "Phillip Beckett"]
[Result "1-0"]
[WhiteCountry "USA"]
[BlackCountry "ENG"]
[WhiteElo "1761"]
[WhiteRD "49"]
[BlackElo "1549"]
[BlackRD "52"]
[GameID "399559"]

1. d4 e5 2. e4 exd4 3. Qxd4 Nc6 4. Qd1 d6 5. Bb5 Bd7 6. Nf3 Nf6 7. Bg5 Be7 8. Nc3 h6 9. Bxf6 Bxf6 10. Qd2 a6
11. Bxc6 Bxc6 12. Nd4 O-O 13. Nxc6 bxc6 14. O-O Rb8 15. Rab1 Qe7 16. Rfe1 Bxc3 17. Qxc3 c5 18. b3 Rfe8 19. Re3 Qe5 20. Qxe5 Rxe5
21. f4 Re7 22. c4 Rbe8 23. Rbe1 f5 24. e5 dxe5 25. fxe5 Re6 26. g3 g5 27. Kg2 Kf7 28. h3 Kg6 29. Kf3 h5 30. h4 g4+
31. Kf4 Kf7 32. Kxf5 Rh6 33. Rd3 Re7 34. Kg5 Rh8 35. Rd5 Ke8 36. Rxc5 Rg7+ 37. Kf4 Rf8+ 38. Ke4 Rf3 39. Re3 Rf2 40. a4 Rgf7
41. Rc6 R7f3 42. Rxc7 Rxe3+ 43. Kxe3 Rf3+ 44. Ke4 Rxb3 45. Kf4 Rb4 46. Kg5 Rxa4 47. Kxh5
1-0

[Event "DRAGHIEN"]
[Site "SchemingMind.com"]
[Date "2016.05.27"]
[Round "-"]
[White "Mitch The Man"]
[Black "David Hartley"]
[Result "0-1"]
[WhiteCountry "USA"]
[BlackCountry "ENG"]
[WhiteElo "1435"]
[WhiteRD "67"]
[BlackElo "1794"]
[BlackRD "73"]
[GameID "399585"]

1. e4 e5 2. Nf3 Nc6 3. c3 Nf6 4. Bd3 d5 5. exd5 Qxd5 6. c4 Qxd3 7. Qe2 Qxe2+ 8. Kxe2 Bg4 9. Ke1 Bxf3 10. gxf3 Nd4
11. Kd1 Nxf3 12. h3 O-O-O 13. Nc3 Bb4 14. Ke2 Nd4+ 15. Kd1 Bxc3 16. bxc3 Nc6 17. f3 Na5 18. Re1 Nxc4 19. a4 Rd7 20. a5 a6
21. Ra4 Nd6 22. Ba3 Re8 23. c4 Nf5 24. Kc1 Rd3
0-1

[Event "DRAGHIEN"]
[Site "SchemingMind.com"]
[Date "2016.05.27"]
[Round "-"]
[White "Kenny Elliott"]
[Black "David Hartley"]
[Result "0-1"]
[WhiteCountry "USA"]
[BlackCountry "ENG"]
[WhiteElo "1578"]
[WhiteRD "89"]
[BlackElo "1824"]
[BlackRD "70"]
[GameID "399586"]

1. d4 d5 2. c4 e6 3. Nf3 Nf6 4. Bg5 Be7 5. Nc3 O-O 6. e3 c6 7. h3 Nbd7 8. cxd5 exd5 9. Bd3 b6 10. O-O c5
11. Re1 Re8 12. Qc2 Bb7 13. Bxf6 Nxf6 14. Ne5 Bd6 15. Nf3 h6 16. a3 Bc6 17. Bf5 Bd7 18. Re2 Qc8 19. Bxd7 Qxd7 20. Rae1 Re7
21. Qd2 Rae8 22. dxc5 Bxc5 23. b4 Bd6 24. Nxd5 Nxd5 25. Kf1 Nf6 26. Nd4 Bb8 27. f3 Be5 28. Qb2 Bg3 29. Rd1 Rxe3 30. Rxe3 Rxe3
31. Qd2 Rxa3 32. Qb2 Re3 33. Qc1 Bf4 34. Qc4 Re6 35. Qc2 Rd6 36. Ke1 Rxd4 37. Rxd4 Qxd4
0-1

[Event "DRAGHIEN"]
[Site "SchemingMind.com"]
[Date "2016.05.27"]
[Round "-"]
[White "echecs"]
[Black "David Hartley"]
[Result "0-1"]
[WhiteCountry "ENG"]
[BlackCountry "ENG"]
[WhiteElo "1821"]
[WhiteRD "66"]
[BlackElo "1824"]
[BlackRD "70"]
[GameID "399587"]

1. e4 e6 2. d4 d5 3. Nc3 Nf6 4. e5 Nfd7 5. Nf3 c5 6. Ne2 cxd4 7. Nexd4 Nc6 8. Bf4 Qb6 9. Nxc6 bxc6 10. Rb1 Be7
11. Bd3 f6 12. O-O O-O 13. Be3 Qc7 14. exf6 Nxf6 15. c3 e5 16. Bc2 Ng4 17. h3 Nxe3 18. fxe3 Bd7 19. Nh2 e4 20. c4 Qg3
21. cxd5 Bxh3 22. Bxe4 Bd6 23. Rf4 Qxe3+ 24. Kf1 Bxf4 25. Bxh7+ Kxh7 26. Qh5+ Kg8 27. Nf3 Qd3+ 28. Kf2 Be3+ 29. Kg3 Qxb1 30. Qxh3 Qg6+
31. Kh2 Qd6+ 32. Kh1 Qxd5 33. b3 Rae8
0-1

[Event "DRAGHIEN"]
[Site "SchemingMind.com"]
[Date "2016.05.27"]
[Round "-"]
[White "David Hartley"]
[Black "Phillip Beckett"]
[Result "1/2-1/2"]
[WhiteCountry "ENG"]
[BlackCountry "ENG"]
[WhiteElo "1824"]
[WhiteRD "70"]
[BlackElo "1549"]
[BlackRD "51"]
[GameID "399588"]

1. e4 e5 2. Nf3 Nc6 3. Bb5 a6 4. Bxc6 dxc6 5. O-O Qd6 6. d4 exd4 7. Qxd4 Qxd4 8. Nxd4 Bd7 9. Bf4 O-O-O 10. Nc3 f6
11. Rfe1 Ne7 12. Rad1 Ng6 13. Be3 Ne5 14. f3 Bc5 15. Na4 Ba7 16. Nc3 Nc4 17. Bc1 Kb8 18. b3 Nd6 19. Kh1 Rhe8 20. Bb2 Bc8
21. Rd2 Nb5 22. Ncxb5 axb5 23. Red1 Bxd4 24. Bxd4 b6 25. Bb2 Rxd2 26. Rxd2 Be6 27. Kg1 Kc8 28. Kf1 Rd8 29. Rxd8+ Kxd8 30. a3 Ke7
31. b4 c5 32. Bc1 cxb4 33. axb4 Kd6 34. Ke2 c5 35. c3 c4 36. Ke3 f5 37. exf5 Bxf5 38. Kf4 Bd3 39. Be3 Ke6 40. Bd4 g6
41. g4 Be2 42. Ke4= Bd3+ 43. Kf4 Kd5 44. Kg5 Be2 45. f4 Bd3 46. h4 Ke4 47. f5 gxf5 48. gxf5 Kd5 49. h5 Kd6 50. Bxb6= Ke7
51. Bd4= Kf7 52. Kf4 Bc2 53. h6 Bd3 54. Bg7 Bc2 55. Ke5 Ba4 56. Kd5 Bc2 57. f6 Bf5 58. Kc6 Bc8 59. Kxb5 Be6 60. Kc6 Ke8
61. Kc7 Bd7 62. b5 Bxb5 63. Kd6 Kf7= 64. Kc5 Ba6 65. Kb6 Bc8 66. Kc5 Be6 67. Kd6= Bf5 68. Ke5=
1/2-1/2

[Event "DRAGHIEN"]
[Site "SchemingMind.com"]
[Date "2016.05.27"]
[Round "-"]
[White "David Hartley"]
[Black "Scooter"]
[Result "1-0"]
[WhiteCountry "ENG"]
[BlackCountry "USA"]
[WhiteElo "1794"]
[WhiteRD "73"]
[BlackElo "1745"]
[BlackRD "53"]
[GameID "399589"]

1. e4 c6 2. d4 d5 3. Nc3 dxe4 4. Nxe4 Bf5 5. Ng3 Bg6 6. Nf3 Nd7 7. Bc4 Qc7 8. O-O e6 9. Be3 Ngf6 10. Nh4 O-O-O
11. Be2 Be7 12. c4 Ne4 13. Nxe4 Bxe4 14. Bf3 Bxh4 15. Bxe4 Ne5 16. Qh5 Ng6 17. d5 exd5 18. cxd5 c5 19. Bxc5 b6 20. Be3 Qd6
21. Qg4+ Kb8 22. Bxg6
1-0

[Event "DRAGHIEN"]
[Site "SchemingMind.com"]
[Date "2016.05.30"]
[Round "-"]
[White "David Hartley"]
[Black "Simon Green"]
[Result "1-0"]
[WhiteCountry "ENG"]
[BlackCountry "ENG"]
[WhiteElo "1824"]
[WhiteRD "70"]
[BlackElo "1600"]
[BlackRD "58"]
[GameID "399590"]

1. e4 e6 2. d4 d5 3. Nd2 Nf6 4. e5 Nfd7 5. Bd3 Be7 6. Ne2 c5 7. c3 c4 8. Bc2 Nc6 9. Nf3 O-O 10. O-O f5
11. Ne1 b5 12. a3 a5 13. b3 Bb7 14. Bd2 Bg5 15. f4 Bh6 16. bxc4 bxc4 17. Rb1 Ra7 18. Nf3 Nb6 19. Rb2 Qe7 20. Rxb6 Qxa3
21. Qa1 Qxa1 22. Rxa1 Rb8 23. Rab1 Nd8 24. Bc1 Ra6 25. Rxa6
1-0